[Event "DEM U12/U12w 2015"]
[Site "Willingen GER"]
[Date "2015.05.27"]
[Round "7"]
[White "Eulitz, Charlotte"]
[Black "Basovskiy, Jana"]
[Result "1-0"]
[Termination "normal"]
[Board "33"]
[WhiteElo "1476"]
[BlackElo "1367"]
[PlyCount "139"]
[WhiteFideId "12964654"]
[BlackFideId "16208617"]
[EventCountry "GER"]
[EventRounds "11"]
[EventType "swiss"]
[EventDate "2015.05.23"]

1. e4 e5 2. Nf3 d6 3. d4 Nd7 4. Nc3 Be7 5. Bc4 c6 6. a4 a5 7. O-O Ngf6 8. Be3
O-O 9. Re1 Qc7 10. d5 h6 11. Qd3 Re8 12. Rad1 Nf8 13. h3 Ng6 14. Nd2 Nh5 15.
Ne2 Nf6 16. Rf1 Bd7 17. f4 Rad8 18. f5 Nf8 19. Rf3 Bc8 20. Qb3 N8d7 21. dxc6
Rf8 22. cxd7 Bxd7 23. Bb6 Qc6 24. Bxd8 Bxd8 25. Nc3 Bb6+ 26. Kh1 Nh5 27. Nd5
Bd8 28. Rc3 Qc5 29. Ne3 Qa7 30. Nd5 Bg5 31. Qb6 Qxb6 32. Nxb6 Bc6 33. Kh2 Bf4+
34. g3 Bg5 35. Bd5 Bxd5 36. Nxd5 Kh7 37. Nf3 Bd8 38. Rc8 Kg8 39. Rb8 b6 40.
Nxb6 Bxb6 41. Rxb6 Nf6 42. Rbxd6 Nxe4 43. Rd8 Nc5 44. Rxf8+ Kxf8 45. Rd5 Nxa4
46. Rxa5 Nxb2 47. Rxe5 Nc4 48. Rc5 Ne3 49. c4 Ke7 50. Re5+ Kd6 51. Rxe3 Kc5 52.
Rc3 g6 53. fxg6 fxg6 54. Ne5 g5 55. Kg2 h5 56. Kf3 Kd4 57. c5 Kxc3 58. c6 Kd4
59. c7 Kxe5 60. c8=Q Kd4 61. Qe8 Kd5 62. Qxh5 Kd4 63. Qxg5 Kd3 64. Qf4 Kc3 65.
Qa4 Kd3 66. Kf4 Ke2 67. Qa3 Kf2 68. Qa2+ Kg1 69. Kf3 Kh1 70. Qg2# 1-0

[Event "DEM U12/U12w 2015"]
[Site "Willingen GER"]
[Date "2015.05.27"]
[Round "7"]
[White "Popist, Florian"]
[Black "Kurzweil, Naemi"]
[Result "1-0"]
[Termination "normal"]
[Board "34"]
[WhiteElo "1422"]
[BlackElo "1232"]
[PlyCount "99"]
[WhiteFideId "16203518"]
[BlackFideId "12985708"]
[EventCountry "GER"]
[EventRounds "11"]
[EventType "swiss"]
[EventDate "2015.05.23"]

1. e4 c5 2. Nf3 d6 3. d4 cxd4 4. Nxd4 Nf6 5. Nc3 e5 6. Nb3 Nc6 7. f3 Be6 8. Be3
Be7 9. Qd2 h5 10. g3 d5 11. exd5 Nxd5 12. Nxd5 Bxd5 13. Bg2 a6 14. O-O-O Be6
15. Qxd8+ Rxd8 16. Rxd8+ Bxd8 17. Nc5 Bb6 18. Kd2 Ba5+ 19. c3 Bb6 20. Nxe6
Bxe3+ 21. Kxe3 fxe6 22. Rd1 Ke7 23. h4 Rg8 24. Bh3 g5 25. hxg5 Rxg5 26. g4 hxg4
27. Bxg4 Na5 28. b3 b5 29. Rh1 Rg6 30. Rh7+ Kd6 31. Ra7 Nc6 32. Rxa6 Kd5 33. a4
b4 34. cxb4 Nxb4 35. Ra5+ Kd6 36. Ke4 Nc6 37. Ra6 Rf6 38. a5 Rf8 39. Bxe6 Rf4+
40. Ke3 Kxe6 41. Rxc6+ Kd5 42. Rc4 Rf8 43. a6 Ra8 44. Ra4 Ra7 45. Kd3 Ke6 46.
Kc4 Kf5 47. Kb5 Ke6 48. Kb6 Ra8 49. a7 Kd7 50. Kb7 1-0

[Event "DEM U12/U12w 2015"]
[Site "Willingen GER"]
[Date "2015.05.27"]
[Round "7"]
[White "Buller, Ian Joshua"]
[Black "Bardorz, Jana"]
[Result "1-0"]
[Termination "normal"]
[Board "36"]
[WhiteElo "1491"]
[BlackElo "1263"]
[PlyCount "103"]
[WhiteFideId "12990655"]
[BlackFideId "16208897"]
[EventCountry "GER"]
[EventRounds "11"]
[EventType "swiss"]
[EventDate "2015.05.23"]

1. e4 e5 2. Nf3 Nc6 3. d4 exd4 4. Nxd4 Bc5 5. Be3 Qf6 6. c3 Nge7 7. Qd2 h6 8.
Nb5 Bxe3 9. Qxe3 Kd8 10. Nd2 a6 11. Nd4 d6 12. N2f3 Bd7 13. O-O-O d5 14. exd5
Nxd5 15. Qd2 Kc8 16. Bc4 Nb6 17. Bb3 Rd8 18. Rhe1 Nxd4 19. Nxd4 c5 20. Nf3 c4
21. Bc2 Be6 22. Qe3 Rxd1+ 23. Rxd1 Nd7 24. Be4 Rb8 25. Nd4 b5 26. Nc6 Rb6 27.
Na7+ Kc7 28. Qg3+ Ne5 29. f4 Nc6 30. Nxc6 Rxc6 31. f5+ Kb6 32. Bxc6 Bxf5 33.
Rd6 Qe7 34. Be4+ Kc5 35. Bxf5 Qxd6 36. Qxd6+ Kxd6 37. Kd2 a5 38. Bc8 b4 39. Ba6
Kd5 40. a3 b3 41. Ke3 g5 42. Kf3 f5 43. g3 h5 44. h3 a4 45. Bb5 Kc5 46. Bxa4
Kb6 47. Bd7 f4 48. gxf4 gxf4 49. Kxf4 Kc7 50. Be6 Kd6 51. Bxc4 Kc5 52. Bxb3 1-0

[Event "DEM U12/U12w 2015"]
[Site "Willingen GER"]
[Date "2015.05.27"]
[Round "7"]
[White "Ziegenfuß, Larissa"]
[Black "Truong, Lisa"]
[Result "1/2-1/2"]
[Termination "normal"]
[Board "37"]
[WhiteElo "1574"]
[BlackElo "1264"]
[PlyCount "101"]
[WhiteFideId "12974722"]
[BlackFideId "12983462"]
[EventCountry "GER"]
[EventRounds "11"]
[EventType "swiss"]
[EventDate "2015.05.23"]

1. c4 e5 2. Nc3 Bc5 3. g3 a6 4. Bg2 Nc6 5. e3 d6 6. a3 Be6 7. d3 Nf6 8. Nge2
O-O 9. d4 exd4 10. exd4 Ba7 11. d5 Bd7 12. dxc6 Bxc6 13. O-O Ng4 14. Nd4 Bxg2
15. Kxg2 Ne5 16. b3 Qf6 17. Nd5 Qd8 18. Be3 c6 19. Nc3 Qd7 20. h3 f5 21. f4 Ng6
22. Bf2 Rfe8 23. Re1 Rxe1 24. Qxe1 Re8 25. Qd2 Bxd4 26. Bxd4 Qe6 27. Bf2 Kf7
28. Re1 Qd7 29. Rxe8 Kxe8 30. Qe3+ Kf7 31. Kf3 b5 32. cxb5 axb5 33. Qa7 Qxa7
34. Bxa7 Ke6 35. Be3 Ne7 36. g4 g6 37. Bf2 Nc8 38. Kg3 Kf6 39. Bd4+ Ke6 40. b4
Ne7 41. Kh4 fxg4 42. hxg4 Ng8 43. Kg5 Kf7 44. Kh4 Ne7 45. Ne4 Ke6 46. Nc3 Kf7
47. Kg5 Ng8 48. Ne4 h6+ 49. Kh4 Ke6 50. Nc3 Ne7 51. Bf2 1/2-1/2

[Event "DEM U12/U12w 2015"]
[Site "Willingen GER"]
[Date "2015.05.27"]
[Round "7"]
[White "Nguyen, Vanessa"]
[Black "Kirsten, Annika"]
[Result "0-1"]
[Termination "normal"]
[Board "38"]
[WhiteElo "923"]
[BlackElo "1267"]
[PlyCount "88"]
[WhiteFideId "12993492"]
[BlackFideId "12961124"]
[EventCountry "GER"]
[EventRounds "11"]
[EventType "swiss"]
[EventDate "2015.05.23"]

1. e4 e5 2. Nf3 Nc6 3. Bc4 Bc5 4. Nxe5 Nxe5 5. d4 Nxc4 6. dxc5 Nf6 7. Nc3 h6 8.
b4 Ne5 9. Bf4 Ng6 10. Bg3 O-O 11. e5 Re8 12. Qd4 Nh5 13. O-O Nxg3 14. fxg3 Nxe5
15. Qd5 d6 16. Rae1 Rb8 17. Nb5 Be6 18. Qd4 Nc6 19. Qf4 dxc5 20. Nxc7 Re7 21.
Nxe6 fxe6 22. bxc5 Qd4+ 23. Kh1 Qxf4 24. Rxf4 e5 25. Rfe4 Rd8 26. R4e2 Rd5 27.
h4 Rxc5 28. Kh2 Nd4 29. Rd2 Rxc2 30. Rxd4 Rxa2 31. Rc4 Ra6 32. h5 Rc6 33. Ra4
b5 34. Ra5 Rb6 35. Kh3 b4 36. Rf1 b3 37. Rc5 Rb8 38. Rcc1 b2 39. Rb1 a5 40. Kg4
a4 41. Kf5 Rf7+ 42. Kg6 Rxf1 43. Rxf1 b1=Q+ 44. Rxb1 Rxb1 0-1

[Event "DEM U12/U12w 2015"]
[Site "Willingen GER"]
[Date "2015.05.27"]
[Round "7"]
[White "Zell, Hannah"]
[Black "Höfs, Cederik"]
[Result "0-1"]
[Termination "normal"]
[Board "39"]
[WhiteElo "1224"]
[BlackElo "1377"]
[PlyCount "102"]
[WhiteFideId "16208900"]
[BlackFideId "16207653"]
[EventCountry "GER"]
[EventRounds "11"]
[EventType "swiss"]
[EventDate "2015.05.23"]

1. e4 c5 2. c4 Nc6 3. Nf3 d6 4. g3 Nf6 5. d3 Bg4 6. Nbd2 g6 7. Bg2 Bg7 8. O-O
O-O 9. a3 Qd7 10. Kh1 Rad8 11. Qe1 Ne5 12. Qe3 b6 13. Ne1 Bh3 14. Bxh3 Qxh3 15.
f4 Nc6 16. Nef3 Qd7 17. Nh4 Nd4 18. Rb1 Qh3 19. Ndf3 Qxf1+ 20. Qg1 Qxd3 21. Be3
Qxe4 22. Rf1 Nxf3 23. Nxf3 Qxc4 24. Rc1 Qe4 25. Kg2 Ng4 26. Bf2 Nxf2 27. Qxf2
Qb7 28. Kg1 d5 29. Qd2 d4 30. Nh4 Rc8 31. b3 Qd5 32. Qd3 Rfe8 33. Kf2 e5 34.
fxe5 Qxe5 35. Nf3 Qe3+ 36. Qxe3 Rxe3 37. Nd2 Rce8 38. Nc4 Rxb3 39. Re1 Rxe1 40.
Kxe1 b5 41. Nd2 Rxa3 42. Kd1 c4 43. Kc1 Ra2 44. Ne4 d3 45. Kd1 b4 46. Nc5 c3
47. Nxd3 Rd2+ 48. Kc1 Rxd3 49. Kc2 Rd2+ 50. Kc1 b3 51. Kb1 Rd1# 0-1

[Event "DEM U12/U12w 2015"]
[Site "Willingen GER"]
[Date "2015.05.27"]
[Round "7"]
[White "Böttner, Oliver"]
[Black "Knape, Albert"]
[Result "1/2-1/2"]
[Termination "normal"]
[Board "40"]
[WhiteElo "1363"]
[BlackElo "1222"]
[PlyCount "52"]
[WhiteFideId "16208870"]
[BlackFideId "16208919"]
[EventCountry "GER"]
[EventRounds "11"]
[EventType "swiss"]
[EventDate "2015.05.23"]

1. e4 e5 2. Nf3 Nc6 3. Nc3 Nf6 4. Bb5 Bb4 5. O-O O-O 6. d3 h6 7. Bxc6 dxc6 8.
Nxe5 Be6 9. Be3 Re8 10. a3 Bd6 11. Nf3 Bg4 12. h3 Bh5 13. Re1 b6 14. Bd4 c5 15.
Bxf6 Qxf6 16. Nd5 Qxb2 17. g4 Bg6 18. Rb1 Qxa3 19. e5 c6 20. Nxb6 axb6 21. exd6
Qa7 22. Nh4 b5 23. Nxg6 fxg6 24. Qf3 Qd7 25. Rxe8+ Rxe8 26. Qf4 Re6 1/2-1/2

[Event "DEM U12/U12w 2015"]
[Site "Willingen GER"]
[Date "2015.05.27"]
[Round "7"]
[White "Gutmann, Anna"]
[Black "Abele, Anais"]
[Result "1/2-1/2"]
[Termination "normal"]
[Board "41"]
[WhiteElo "1303"]
[BlackElo "1210"]
[PlyCount "28"]
[WhiteFideId "16208889"]
[BlackFideId "16208927"]
[EventCountry "GER"]
[EventRounds "11"]
[EventType "swiss"]
[EventDate "2015.05.23"]

1. e4 e5 2. Nf3 Nc6 3. Bb5 a6 4. Ba4 d6 5. d4 b5 6. Bb3 Nxd4 7. Nxd4 exd4 8.
Qxd4 c5 9. Qd5 Be6 10. Qc6+ Bd7 11. Qd5 Be6 12. Qc6+ Bd7 13. Qd5 Be6 14. Qc6+
Bd7 1/2-1/2

[Event "DEM U12/U12w 2015"]
[Site "Willingen GER"]
[Date "2015.05.27"]
[Round "7"]
[White "Marzisch, Darius"]
[Black "Peters, Malte"]
[Result "1-0"]
[Termination "normal"]
[Board "42"]
[WhiteElo "1499"]
[BlackElo "1007"]
[PlyCount "63"]
[WhiteFideId "12997480"]
[BlackFideId "16208978"]
[EventCountry "GER"]
[EventRounds "11"]
[EventType "swiss"]
[EventDate "2015.05.23"]

1. e4 c5 2. Nf3 Nc6 3. c4 g6 4. d4 cxd4 5. Nxd4 Bg7 6. Nxc6 bxc6 7. Bd3 e6 8.
Qb3 d5 9. cxd5 cxd5 10. exd5 Qxd5 11. Qxd5 exd5 12. O-O a6 13. Nd2 Nf6 14. Nb3
O-O 15. Bd2 Re8 16. Bc3 Ne4 17. Bxg7 Kxg7 18. Rfe1 Bf5 19. Nd4 Kf6 20. Nxf5
gxf5 21. Rac1 Rec8 22. Rc2 Nc5 23. Rec1 Nxd3 24. Rxc8 Rxc8 25. Rxc8 Ke7 26. b3
d4 27. Kf1 Kd6 28. Ke2 Nb2 29. Kd2 Kd7 30. Rc2 Nd1 31. Kxd1 d3 32. Rd2 1-0

[Event "DEM U12/U12w 2015"]
[Site "Willingen GER"]
[Date "2015.05.27"]
[Round "7"]
[White "Ortlepp, Klaudia"]
[Black "Sinnhöfer, Lilian"]
[Result "0-1"]
[Termination "normal"]
[Board "43"]
[WhiteElo "1243"]
[BlackElo "1106"]
[PlyCount "106"]
[WhiteFideId "16206045"]
[BlackFideId "12977586"]
[EventCountry "GER"]
[EventRounds "11"]
[EventType "swiss"]
[EventDate "2015.05.23"]

1. e4 e5 2. Nf3 Nc6 3. d4 exd4 4. Bc4 Nf6 5. O-O Nxe4 6. Re1 d5 7. Bxd5 Qxd5 8.
Nc3 Qa5 9. Nxe4 Be6 10. Nfg5 O-O-O 11. Nxe6 fxe6 12. Ng5 Rd7 13. Rxe6 Be7 14.
Nf3 Qf5 15. Re1 h5 16. Qd3 Qxd3 17. cxd3 Bf6 18. a3 Na5 19. Nd2 g5 20. b4 Nc6
21. Bb2 Ne5 22. Ne4 Be7 23. Rad1 g4 24. Ng3 h4 25. Nf5 Bf6 26. Bxd4 Rh5 27.
Bxe5 Rxf5 28. Bxf6 Rxf6 29. Re8+ Rd8 30. Rxd8+ Kxd8 31. Re1 Rd6 32. Re3 Ra6 33.
d4 Rc6 34. Kf1 Rg6 35. Ke2 Kd7 36. g3 hxg3 37. hxg3 Kd6 38. Re5 b6 39. Ke3 Rf6
40. Re4 Rf3+ 41. Ke2 Rxa3 42. Rxg4 Rb3 43. f4 Rxb4 44. f5 Rb5 45. Rf4 Ke7 46.
g4 a5 47. f6+ Kf7 48. Kd3 a4 49. Kc4 Ra5 50. d5 a3 51. g5 Ra4+ 52. Kb3 Rxf4 53.
Kxa3 Rd4 0-1

[Event "DEM U12/U12w 2015"]
[Site "Willingen GER"]
[Date "2015.05.27"]
[Round "7"]
[White "Rothenberg, Nina"]
[Black "Fischer, Laura"]
[Result "0-1"]
[Termination "normal"]
[Board "44"]
[WhiteElo "1174"]
[BlackElo "1207"]
[PlyCount "86"]
[WhiteFideId "16208943"]
[BlackFideId "16208935"]
[EventCountry "GER"]
[EventRounds "11"]
[EventType "swiss"]
[EventDate "2015.05.23"]

1. e4 e5 2. Nf3 Nc6 3. Bc4 Be7 4. c3 Nf6 5. d3 d6 6. Be3 O-O 7. Nbd2 Be6 8.
Bxe6 fxe6 9. Qb3 Qc8 10. O-O-O d5 11. Rdg1 b6 12. d4 exd4 13. Nxd4 Na5 14. Qc2
Ng4 15. Nf1 Nc4 16. Qe2 Ncxe3 17. Nxe3 Nxf2 18. exd5 Nxh1 19. Rxh1 exd5 20.
Nxd5 Bg5+ 21. Kb1 Kh8 22. Qe6 c5 23. Qxc8 Raxc8 24. Ne6 Rf5 25. Nxg5 Rxg5 26.
Ne3 h6 27. Kc2 Rf8 28. Rg1 Rf2+ 29. Kb3 Re2 30. Nc4 Rgxg2 31. Rxg2 Rxg2 32. Nd6
Rd2 33. Nc8 Rd7 34. Kc4 Kg8 35. Kb5 Kf8 36. Ka6 Ke8 37. Nxa7 Rd2 38. Kxb6 Rxb2+
39. Kxc5 Rxa2 40. Nb5 Kd8 41. Nd6 Kd7 42. Nf5 Ra5+ 43. Kd4 Rxf5 0-1

[Event "DEM U12/U12w 2015"]
[Site "Willingen GER"]
[Date "2015.05.27"]
[Round "7"]
[White "Biermann, Sophie"]
[Black "Ruppert, Paula"]
[Result "1/2-1/2"]
[Termination "normal"]
[Board "45"]
[WhiteElo "1136"]
[BlackElo "1443"]
[PlyCount "43"]
[WhiteFideId "16208960"]
[BlackFideId "12979996"]
[EventCountry "GER"]
[EventRounds "11"]
[EventType "swiss"]
[EventDate "2015.05.23"]

1. e4 d5 2. exd5 Qxd5 3. Nc3 Qd6 4. Bc4 Nf6 5. Nf3 g6 6. d3 Bg7 7. Be3 O-O 8.
O-O Bg4 9. h3 Bxf3 10. Qxf3 c6 11. a4 Nbd7 12. Rfe1 e6 13. d4 Nb6 14. Bb3 Nbd5
15. Nxd5 Nxd5 16. Bxd5 cxd5 17. Rad1 Rac8 18. Re2 Qb4 19. b3 Rc6 20. Rdd2 Rc3
21. Qf4 Qe7 22. Qh2 1/2-1/2

[Event "DEM U12/U12w 2015"]
[Site "Willingen GER"]
[Date "2015.05.27"]
[Round "7"]
[White "Fuchs, Emily"]
[Black "Zha, Kevin"]
[Result "0-1"]
[Termination "normal"]
[Board "46"]
[WhiteElo "946"]
[BlackElo "1154"]
[PlyCount "80"]
[WhiteFideId "16208986"]
[BlackFideId "16208951"]
[EventCountry "GER"]
[EventRounds "11"]
[EventType "swiss"]
[EventDate "2015.05.23"]

1. e4 e5 2. Nf3 Nc6 3. a3 Bc5 4. Bc4 h6 5. O-O Nf6 6. Nc3 O-O 7. Nxe5 Nxe5 8.
d4 Nxc4 9. dxc5 d6 10. b3 Ne5 11. Qd4 Qe7 12. b4 b6 13. Be3 bxc5 14. bxc5 Bb7
15. Rfb1 Bc6 16. f4 Neg4 17. Re1 Nxe4 18. Nd5 Qh4 19. h3 Nxe3 20. Rxe3 Bxd5 21.
Rxe4 Bxe4 22. Qxe4 dxc5 23. Kh2 Rae8 24. Qf3 Re1 25. g3 Qe7 26. Rxe1 Qxe1 27.
h4 Re8 28. Kh3 c4 29. h5 a5 30. f5 c5 31. a4 c3 32. Qg2 Re2 33. Qf3 Rxc2 34.
Qa8+ Kh7 35. Qd5 Rd2 36. Qf3 Qe2 37. Qxe2 Rxe2 38. g4 c2 39. Kg3 c1=Q 40. Kf3
Qe3# 0-1

[Event "DEM U12/U12w 2015"]
[Site "Willingen GER"]
[Date "2015.05.28"]
[Round "8"]
[White "Li, Simon"]
[Black "Trifan, Andrei Ioan"]
[Result "1/2-1/2"]
[Termination "normal"]
[Board "1"]
[WhiteElo "1907"]
[BlackElo "1864"]
[WhiteClock "00:16:01"]
[BlackClock "00:13:53"]
[PlyCount "76"]
[WhiteFideId "12972134"]
[BlackFideId "12967068"]
[EventCountry "GER"]
[EventRounds "11"]
[EventType "swiss"]
[EventDate "2015.05.23"]

1. e4 e5 2. Nf3 Nc6 3. Bc4 Bc5 4. b4 Bxb4 5. c3 Ba5 6. d4 exd4 7. O-O Nf6 8. e5
d5 9. Bb5 Ne4 10. Nxd4 Bd7 11. Bxc6 bxc6 12. Ba3 c5 13. Nb3 Nxc3 14. Nxc3 Bxc3
15. Rc1 Bb4 16. Bxb4 cxb4 17. Qxd5 O-O 18. Qc5 Be6 19. Qxb4 Rb8 20. Qc3 Bxb3
21. axb3 Qd5 22. Qxc7 Rb7 23. Qd6 Qxb3 24. Rfd1 a5 25. Rc8 Qxd1+ 26. Qxd1 Rxc8
27. h3 Rb2 28. Qa4 h6 29. Qxa5 Rc1+ 30. Kh2 Rxf2 31. Qa8+ Kh7 32. Qe4+ g6 33.
e6 fxe6 34. Qxe6 Rc7 35. Qe5 Rcf7 36. Qd4 h5 37. Kg3 Kh6 38. h4 Kh7 1/2-1/2

[Event "DEM U12/U12w 2015"]
[Site "Willingen GER"]
[Date "2015.05.28"]
[Round "8"]
[White "Stork, Oliver"]
[Black "Dobrikov, Marco"]
[Result "1-0"]
[Termination "normal"]
[Board "2"]
[WhiteElo "1844"]
[BlackElo "1947"]
[WhiteClock "00:07:15"]
[BlackClock "00:33:48"]
[PlyCount "75"]
[WhiteFideId "12955728"]
[BlackFideId "12950378"]
[EventCountry "GER"]
[EventRounds "11"]
[EventType "swiss"]
[EventDate "2015.05.23"]

1. c4 c5 2. g3 Nc6 3. Bg2 g6 4. Nc3 Bg7 5. d3 d6 6. e4 e6 7. Nge2 Nge7 8. O-O
O-O 9. Rb1 b6 10. Be3 Bb7 11. Qd2 Nd4 12. b4 Nec6 13. a3 Qd7 14. f4 f5 15. Bf2
Rae8 16. b5 Nxe2+ 17. Nxe2 Ne7 18. Rbd1 Rd8 19. Qc2 d5 20. e5 Qc8 21. cxd5 Bxd5
22. d4 cxd4 23. Nxd4 Qxc2 24. Nxc2 Bc4 25. Rxd8 Rxd8 26. Rb1 Bd5 27. Rd1 Rc8
28. Nb4 Bxg2 29. Kxg2 Bf8 30. Rd7 Rb8 31. Nc6 Nxc6 32. bxc6 Rc8 33. c7 h6 34.
Be1 a5 35. Bf2 b5 36. Bb6 b4 37. axb4 axb4 38. Rd8 1-0

[Event "DEM U12/U12w 2015"]
[Site "Willingen GER"]
[Date "2015.05.28"]
[Round "8"]
[White "Suvorov, Alexander"]
[Black "Yankelevich, Michael"]
[Result "1/2-1/2"]
[Termination "normal"]
[Board "3"]
[WhiteElo "1938"]
[BlackElo "1810"]
[WhiteClock "00:01:22"]
[BlackClock "00:20:13"]
[PlyCount "130"]
[WhiteFideId "12977063"]
[BlackFideId "12921440"]
[EventCountry "GER"]
[EventRounds "11"]
[EventType "swiss"]
[EventDate "2015.05.23"]

1. Nf3 d5 2. g3 Nf6 3. Bg2 e6 4. d3 Be7 5. O-O c5 6. Nbd2 Nbd7 7. e4 dxe4 8.
dxe4 e5 9. Qe2 Qc7 10. c3 O-O 11. a4 b6 12. Nc4 Ba6 13. Nfd2 Rad8 14. b3 Rfe8
15. Ba3 Nf8 16. Rfd1 h6 17. Nf1 Bb7 18. Qc2 a6 19. Nce3 Rxd1 20. Rxd1 Rd8 21.
f3 b5 22. Nf5 Rxd1 23. Qxd1 Ng6 24. N1e3 b4 25. Bb2 Qd7 26. Qxd7 Nxd7 27. Nxe7+
Nxe7 28. Bh3 Nb6 29. cxb4 cxb4 30. Bxe5 Nc6 31. Bd6 Nc8 32. Bc5 Ne5 33. Nd5 Kh7
34. Kg2 Nd3 35. Bxb4 Nc1 36. Bxc8 Bxc8 37. Bc3 Nxb3 38. Kf2 Nc5 39. a5 Be6 40.
Ke3 Bh3 41. Bb4 Ne6 42. f4 g6 43. e5 Kg7 44. Nf6 h5 45. Bd6 Bf5 46. Nd5 Bh3 47.
Kf2 Nd4 48. Nb4 Bc8 49. Bc5 Ne6 50. Bb6 Bb7 51. Ke3 Kf8 52. h3 Ke7 53. g4 hxg4
54. hxg4 f6 55. Nd3 f5 56. gxf5 gxf5 57. Ne1 Be4 58. Nf3 Kf7 59. Nd2 Bd5 60.
Nb1 Bc4 61. Nd2 Bd5 62. Nf1 Bc4 63. Ng3 Kg6 64. Bd4 Bb5 65. Bb6 Bc4 1/2-1/2

[Event "DEM U12/U12w 2015"]
[Site "Willingen GER"]
[Date "2015.05.28"]
[Round "8"]
[White "Kopylov, Daniel"]
[Black "Tong, Kevin"]
[Result "0-1"]
[Termination "normal"]
[Board "4"]
[WhiteElo "1812"]
[BlackElo "2017"]
[WhiteClock "00:10:01"]
[BlackClock "00:07:23"]
[PlyCount "116"]
[WhiteFideId "12921971"]
[BlackFideId "12913944"]
[EventCountry "GER"]
[EventRounds "11"]
[EventType "swiss"]
[EventDate "2015.05.23"]

1. e4 c5 2. Nf3 Nc6 3. d4 cxd4 4. Nxd4 g6 5. Nc3 Bg7 6. Be3 Qa5 7. Be2 d6 8.
Qd2 Nf6 9. f3 O-O 10. g4 Bd7 11. h4 h5 12. Nb3 Qc7 13. O-O-O Ne5 14. gxh5 Nxh5
15. Nd5 Qd8 16. Rdg1 b5 17. Bh6 Nc4 18. Bxc4 bxc4 19. Bxg7 Kxg7 20. Nd4 e6 21.
Ne3 Rc8 22. Qc3 Kh7 23. Ne2 Qf6 24. Qxf6 Nxf6 25. Rd1 Rc6 26. Rd4 Rfc8 27. Rhd1
Ne8 28. Nc3 Rc5 29. Nb1 Bb5 30. c3 Kg7 31. Na3 Ba6 32. Nac2 Kf8 33. f4 Rh5 34.
Na3 Rxh4 35. Naxc4 Bxc4 36. Nxc4 Rxf4 37. Nxd6 Nxd6 38. Rxd6 Rxe4 39. Rd8+ Rxd8
40. Rxd8+ Ke7 41. Ra8 Ra4 42. Kb1 g5 43. b4 g4 44. Kb2 f5 45. Kb3 Ra6 46. b5
Rb6 47. a4 g3 48. Rg8 f4 49. c4 Rb8 50. Rg4 Rf8 51. c5 f3 52. Rg7+ Rf7 53.
Rxf7+ Kxf7 54. b6 axb6 55. cxb6 f2 56. b7 f1=Q 57. Kb4 Qb1+ 58. Ka5 Qb3 0-1

[Event "DEM U12/U12w 2015"]
[Site "Willingen GER"]
[Date "2015.05.28"]
[Round "8"]
[White "Suvorov, Luca"]
[Black "Weishäutel, Moritz"]
[Result "0-1"]
[Termination "normal"]
[Board "5"]
[WhiteElo "1832"]
[BlackElo "1963"]
[WhiteClock "00:01:31"]
[BlackClock "00:21:05"]
[PlyCount "82"]
[WhiteFideId "12977071"]
[BlackFideId "12967300"]
[EventCountry "GER"]
[EventRounds "11"]
[EventType "swiss"]
[EventDate "2015.05.23"]

1. Nf3 d5 2. g3 c6 3. Bg2 Bg4 4. d3 Nf6 5. Nbd2 Nbd7 6. O-O e5 7. e4 Bd6 8. Qe2
Qe7 9. a4 h6 10. b3 O-O 11. h3 Bh5 12. Re1 Bb4 13. Bb2 d4 14. Rad1 Qc5 15. Rc1
a6 16. Rf1 b5 17. g4 Bg6 18. Nh4 Bh7 19. Nf5 Bxf5 20. exf5 bxa4 21. bxa4 Nb6
22. Nb3 Qd6 23. Ra1 Nbd5 24. Nd2 Nf4 25. Qd1 Bxd2 26. Qxd2 Nxg2 27. Kxg2 Nd5
28. Ba3 c5 29. Rae1 Qc6 30. Kh2 Rfe8 31. g5 Nf4 32. Rg1 hxg5 33. Rxg5 Nxh3 34.
Rg4 Nf4 35. Re4 Qh6+ 36. Kg1 Nh3+ 37. Kg2 Qxd2 38. Kxh3 Qxf2 39. Rg2 Qxf5+ 40.
Kh2 Qh5+ 41. Kg1 f5 0-1

[Event "DEM U12/U12w 2015"]
[Site "Willingen GER"]
[Date "2015.05.28"]
[Round "8"]
[White "Nguyen, Alex Dac-Vuong"]
[Black "Helmer, Jan"]
[Result "1/2-1/2"]
[Termination "normal"]
[Board "7"]
[WhiteElo "1885"]
[BlackElo "1691"]
[WhiteClock "00:49:47"]
[BlackClock "00:50:38"]
[PlyCount "106"]
[WhiteFideId "12984388"]
[BlackFideId "12956686"]
[EventCountry "GER"]
[EventRounds "11"]
[EventType "swiss"]
[EventDate "2015.05.23"]

1. e4 e6 2. d4 d5 3. exd5 exd5 4. Bd3 Nc6 5. c3 Bd6 6. Qf3 Nf6 7. h3 h6 8. Ne2
Be6 9. Bf4 Qd7 10. Bxd6 Qxd6 11. Nd2 O-O 12. O-O Rfe8 13. Nf4 Bd7 14. Rfe1 Re7
15. Rxe7 Nxe7 16. Re1 Nf5 17. Nb3 b6 18. Re5 Ne7 19. Re1 c5 20. c4 Bc6 21. cxd5
Nexd5 22. Nxd5 Bxd5 23. dxc5 bxc5 24. Qe2 c4 25. Bxc4 Re8 26. Qxe8+ Nxe8 27.
Rxe8+ Kh7 28. Bxd5 Qxd5 29. g3 Qd1+ 30. Kg2 Qc2 31. Re7 a5 32. Rxf7 a4 33. Nd4
Qe4+ 34. Nf3 Qd5 35. Ra7 Qxa2 36. h4 Kg6 37. g4 Kf6 38. Ra6+ Ke7 39. g5 h5 40.
g6 Qc4 41. Ra7+ Ke6 42. Ng5+ Kf5 43. Rxg7 Qxh4 44. Nh3 Qe4+ 45. Kf1 Qb1+ 46.
Kg2 Qxb2 47. Ra7 Qb3 48. g7 Qg8 49. Rxa4 Qxg7+ 50. Kh2 Qc7+ 51. Rf4+ Kg6 52.
Kg3 Qe5 53. Kg2 Qd5+ 1/2-1/2

[Event "DEM U12/U12w 2015"]
[Site "Willingen GER"]
[Date "2015.05.28"]
[Round "8"]
[White "Hinrichs, Paul"]
[Black "Yi, Danny"]
[Result "1/2-1/2"]
[Termination "normal"]
[Board "8"]
[WhiteElo "1641"]
[BlackElo "1778"]
[WhiteClock "00:19:47"]
[BlackClock "00:22:20"]
[PlyCount "48"]
[WhiteFideId "12942545"]
[BlackFideId "12988588"]
[EventCountry "GER"]
[EventRounds "11"]
[EventType "swiss"]
[EventDate "2015.05.23"]

1. d4 Nf6 2. c4 g6 3. Nc3 d5 4. cxd5 Nxd5 5. Bd2 Bg7 6. e4 Nxc3 7. Bxc3 O-O 8.
h3 c5 9. d5 Bxc3+ 10. bxc3 e5 11. Nf3 f5 12. Bd3 fxe4 13. Bxe4 Nd7 14. c4 Nf6
15. Bc2 Re8 16. O-O Nh5 17. Re1 Qf6 18. Nh2 Nf4 19. Kh1 Qg5 20. Qf3 Nh5 21. Qe3
Qf6 22. Kg1 Nf4 23. Ng4 Qg5 24. Qg3 Bd7 1/2-1/2

[Event "DEM U12/U12w 2015"]
[Site "Willingen GER"]
[Date "2015.05.28"]
[Round "8"]
[White "Post, Hugo"]
[Black "Heckmann, Till"]
[Result "1-0"]
[Termination "normal"]
[Board "9"]
[WhiteElo "1774"]
[BlackElo "1527"]
[PlyCount "73"]
[WhiteFideId "12962490"]
[BlackFideId "12987093"]
[EventCountry "GER"]
[EventRounds "11"]
[EventType "swiss"]
[EventDate "2015.05.23"]

1. e4 e6 2. d4 d5 3. Nd2 dxe4 4. Nxe4 Nd7 5. Nf3 Ngf6 6. Bd3 b6 7. O-O Bb7 8.
Ng3 Be7 9. c4 O-O 10. b3 c5 11. Bb2 Qc7 12. Qe2 Rfe8 13. Rfd1 Rad8 14. Rac1
cxd4 15. Nxd4 Nc5 16. Bc2 a6 17. Nh5 h6 18. Nxf6+ Bxf6 19. Qg4 Kh8 20. Bb1 Rg8
21. h3 Qe7 22. Bc2 Qc7 23. b4 Bxd4 24. Bxd4 Nd7 25. Qh5 e5 26. Be3 Qc6 27. f3
Qf6 28. c5 bxc5 29. bxc5 Nb8 30. h4 Rxd1+ 31. Rxd1 Rd8 32. Rxd8+ Qxd8 33. Qxf7
Nd7 34. Bxh6 Qf8 35. Qxd7 Qxc5+ 36. Kh1 Qf8 37. Qxb7 1-0